El San Antonio de Murillo (Record no. 158351)

MARC details
000 -LEADER
campo de control de longitud fija 00976nam a22001935i 4500
001 - NÚMERO DE CONTROL
campo de control 158351
003 - IDENTIFICADOR DE NÚMERO DE CONTROL
campo de control ES-MaACL
005 - FECHA Y HORA DE LA ÚLTIMA TRANSACCIÓN
campo de control 20230906211115.0
008 - DATOS DE LONGITUD FIJA--INFORMACIÓN GENERAL
campo de control de longitud fija 020130s1875 sp |||| | spa d
040 ## - FUENTE DE CATALOGACIÓN
Centro catalogador/agencia de origen CAM
Lengua de catalogación spa
Centro/agencia transcriptor CAM
100 1# - ENTRADA PRINCIPAL--NOMBRE DE PERSONA
Nombre de persona Macarro, Francisco.
9 (RLIN) 129281
245 13 - MENCIÓN DEL TÍTULO
Título El San Antonio de Murillo
Resto del título : cuadro histórico en un acto y en verso /
Mención de responsabilidad, etc. letra de Francisco Macarro ; música del maestro Angel Rubio.
260 ## - PUBLICACIÓN, DISTRIBUCIÓN, ETC.
Lugar de publicación, distribución, etc. Madrid :
Nombre del editor, distribuidor, etc. [s.n.],
Fecha de publicación, distribución, etc. 1875 (
Fabricante Imprenta de José Rodríguez)
300 ## - DESCRIPCIÓN FÍSICA
Extensión 27 p. ;
Dimensiones 19 cm.
500 #1 - NOTA GENERAL
Nota general En port.: Estrenada en Madrid en el Teatro de Breton el dia 5 de noviembre de 1875.
596 #1 - NOTA AL PIE DE IMPRENTA
NOTA AL PIE DE IMPRENTA Al v. de port. consta : "... Administracion Lírico-Dramática de D. Eduardo Hidalgo..."
700 0# - ENTRADA AGREGADA--NOMBRE PERSONAL
Nombre de persona Rubio, Angel.
9 (RLIN) 100337
852 ## - LOCALIZACIÓN
Ubicación ES-MaACL
Número de control de estantería F-8555(8)
condición física -- Recortado el pie de imp.
Nota libre -- Enc. pasta española
condición física -- Falto de la cub. original
Nota libre -- Enc. en un vol. facticio formando parte de la col. facticia "Teatro español moderno", v.7
Holdings
Estatus retirado Estado de pérdida Estado de daño No para préstamo Colección Biblioteca de origen Biblioteca actual Ubicación en estantería Fecha de adquisición Total de préstamos Signatura topográfica completa Código de barras Visto por última vez Precio de reemplazo Tipo de ítem Koha
        Libros del s. XIX Biblioteca del Ateneo de Madrid Biblioteca del Ateneo de Madrid Sala Pecera Planta 2 17/01/2008   F-8555(8) 1165733 23/02/2023 23/02/2023 Libro impreso antiguo